000 00462nam a2200157 4500
001 110183
003 ES-MaACL
007 t|
008 061121s1975 sp r ||||1| spa d
100 1 _aOcáriz Braña, Fernando.
_986462
245 1 3 _aEl marxismo, teoría y práctica de una revolución /
_cFernando Ocáriz Braña.
250 _a2ª. ed.
260 _aMadrid :
_bPalabra,
_c1975.
300 _aXII, 221 p. ;
_c19 cm.
852 _aES-MaACL
_jE-9600
_bR.94312
999 _c110183
_d110183